Arquitectura y confort třmico Teora̕, cl̀culo y ejercicios /

Bibliographic Details
Main Author: Mayorga Cervantes, Juan Raymundo
Format: Book
Language:Spanish
Published: Mx̌ico D.F.: Plaza y Valdš Editores, 2012
Subjects:
Online Access:Acceso restringido

MARC

LEADER 00000nam a22000007a 4500
005 20130711180648.0
007 cr|||| ||||
008 130711s2012 mx ||||| |||| 00| 0 spa d
020 |a 978-607-402-458-6 
035 |a 11418 
040 |a vLex 
090 |c 4435  |d 4435 
100 1 |a Mayorga Cervantes, Juan Raymundo  
245 1 0 |a Arquitectura y confort třmico  |h [Recurso electrn̤ico] :  |b Teora̕, cl̀culo y ejercicios /  |c Juan Raymundo Mayorga Cervantes  
256 |a Servicio en ln̕ea 
260 |a Mx̌ico D.F.:  |b Plaza y Valdš Editores,  |c 2012 
300 |a 1 recurso electrn̤ico 
506 1 |a Contenido solo disponible en los productos indicados  |d vLex Global  |d vLex Global (Academic Edition, excluding Law Schools)  |d vLex Global (U.S. Academic Edition, Law Schools)  |d vLex Global (U.S. Academic Edition, excluding Law Schools)  |d vLex Global (Academic Edition, Law Schools) 
650 |a Arquitectura  |z Mx̌ico 
740 0 |a vLex Libros (Servicio en ln̕ea) 
856 4 0 |u http://vlex.com/source/arquitectura-confort-termico-11418  |z Acceso restringido 
942 |c BOOK 
999 0 |a  Architecture